Нормален изглед
MARC изглед
- дискриптивна лингвистика
Вход 08. Ключови думи
001 - Контролен номер на записа
- Контролно поле: 476321
003 - Код на организацията, даваща контролен номер
- Контролно поле: BLK
005 - Дата и час на последна промяна на записа
- Контролно поле: 20220615132235.0
008 - Данни с фиксирана дължина – обща информация
- Данни с фиксирана дължина : 220615|| aca||aabn | a|a d
153 ## - Ключови думи
- Ключова дума: дискриптивна лингвистика
942 ## - Системна служебна употреба
- Koha auth type: KEW